[Event "DEM U12 2016"]
[Site "Willingen GER"]
[Date "2016.05.19"]
[Round "8"]
[White "Wu, Leon"]
[Black "Köllner, Ruben Gideon"]
[Result "0-1"]
[Termination "normal"]
[Board "1"]
[WhiteElo "1743"]
[BlackElo "2087"]
[WhiteClock "00:01:56"]
[BlackClock "00:02:02"]
[PlyCount "156"]
[WhiteFideId "12977438"]
[BlackFideId "12993093"]
[EventCountry "GER"]
[EventRounds "11"]
[EventType "swiss"]
[EventDate "2016.05.14"]

1. e4 d6 2. d4 Nf6 3. Nc3 e5 4. Nf3 Nbd7 5. Bd3 Be7 6. O-O O-O 7. Re1 c6 8. b3
Qc7 9. Bb2 Re8 10. Ne2 a5 11. Ng3 Bf8 12. c4 exd4 13. Nxd4 Nc5 14. Bc2 b6 15.
Qd2 Ne6 16. Nxe6 Rxe6 17. Qg5 h6 18. Qf4 Nd7 19. Qd2 Be7 20. Qd3 Nc5 21. Qd2
Bf6 22. Bxf6 Rxf6 23. e5 dxe5 24. Rxe5 Re6 25. Rxe6 Bxe6 26. Rd1 Re8 27. Qd4
Bd7 28. a3 Bc8 29. b4 axb4 30. axb4 Ne6 31. Qe4 g6 32. Qe3 Qf4 33. Qxb6 Qxc4
34. Bd3 Qb3 35. Be2 Nf4 36. Bf3 Qxd1+ 37. Bxd1 Re1+ 38. Nf1 Rxd1 39. Qe3 Ba6
40. h3 Rxf1+ 41. Kh2 Ne6 42. Qd2 Bb5 43. Qe3 h5 44. Qg3 Rd1 45. Qb8+ Rd8 46.
Qe5 Rd5 47. Qb8+ Kg7 48. Qg3 Rf5 49. Qe3 Rf4 50. Qd2 Kh7 51. Qb2 Re4 52. Qc3
Re2 53. Qf6 Kg8 54. Kg1 Re1+ 55. Kh2 Re4 56. Qc3 Nf4 57. f3 Re2 58. Qd4 Rxg2+
59. Kh1 Ne6 60. Qd6 Rg5 61. Qb8+ Kg7 62. Qh2 Rf5 63. Qf2 Kh7 64. h4 Rf4 65. Kg2
Rxb4 66. Qc2 Rxh4 67. Qb2 Rf4 68. Qc3 Be2 69. Qb2 Bxf3+ 70. Kg3 Bd5 71. Qb7 Rf5
72. Kh2 c5 73. Qb2 c4 74. Qb4 Rf2+ 75. Kh3 Rf3+ 76. Kh4 Ng7 77. Qc5 f6 78. Qe7
g5# 0-1

[Event "DEM U12 2016"]
[Site "Willingen GER"]
[Date "2016.05.19"]
[Round "8"]
[White "Trifan, Andrei Ioan"]
[Black "Post, Hugo"]
[Result "1-0"]
[Termination "normal"]
[Board "2"]
[WhiteElo "2099"]
[BlackElo "1869"]
[WhiteClock "00:05:14"]
[BlackClock "00:06:16"]
[PlyCount "47"]
[WhiteFideId "12967068"]
[BlackFideId "12962490"]
[EventCountry "GER"]
[EventRounds "11"]
[EventType "swiss"]
[EventDate "2016.05.14"]

1. e4 c5 2. Nf3 d6 3. d4 cxd4 4. Nxd4 Nf6 5. f3 e5 6. Nb3 a5 7. Bb5+ Nc6 8. a4
Be7 9. c4 O-O 10. Be3 Na7 11. O-O Be6 12. Qe2 Nh5 13. g3 Bg5 14. f4 exf4 15.
gxf4 Nxf4 16. Rxf4 Bxf4 17. Bxf4 f5 18. Nc3 fxe4 19. Qxe4 Qf6 20. Nd4 Bh3 21.
Nce2 Rae8 22. Bxe8 Qh4 23. Kh1 Qf2 24. Rg1 1-0

[Event "DEM U12 2016"]
[Site "Willingen GER"]
[Date "2016.05.19"]
[Round "8"]
[White "Nguyen, Alex Dac-Vuong"]
[Black "Dobrikov, Marco"]
[Result "1-0"]
[Termination "normal"]
[Board "3"]
[WhiteElo "1899"]
[BlackElo "1943"]
[WhiteClock "00:21:55"]
[BlackClock "00:04:08"]
[PlyCount "113"]
[WhiteFideId "12984388"]
[BlackFideId "12950378"]
[EventCountry "GER"]
[EventRounds "11"]
[EventType "swiss"]
[EventDate "2016.05.14"]

1. e4 c5 2. Nf3 Nc6 3. d4 cxd4 4. Nxd4 e5 5. Nb5 d6 6. Be3 Nf6 7. Nd2 a6 8. Nc3
Be6 9. Nc4 b5 10. Nb6 Rb8 11. Nbd5 Be7 12. a4 bxa4 13. Bxa6 Rxb2 14. Bb5 Rxb5
15. Nxb5 Qa5+ 16. Bd2 Qd8 17. Nxe7 Qxe7 18. Rxa4 O-O 19. O-O Rb8 20. Nc3 Nd7
21. Be3 h6 22. Nd5 Qd8 23. Ra6 Bxd5 24. exd5 Nb4 25. Ra4 Qc8 26. Qg4 Nxd5 27.
Bxh6 g6 28. Rc4 Qa6 29. Rd1 N5f6 30. Qh4 d5 31. Ra4 Qe2 32. Rda1 Qxc2 33. Ra8
Qc8 34. Rxb8 Qxb8 35. h3 d4 36. Ra6 Nd5 37. Qg5 N7b6 38. f4 Nxf4 39. Qf6 Ne6
40. Qf3 Qc7 41. Qb3 Nc8 42. Qb5 Kh7 43. Bd2 e4 44. Rc6 Qd7 45. Qc4 Ne7 46. Ra6
e3 47. Bb4 Nd5 48. Rd6 Qa4 49. Rxd5 Qd1+ 50. Kh2 e2 51. Re5 d3 52. Re3 Qf1 53.
Qh4+ Kg8 54. Bc3 Kf8 55. Qh8+ Ke7 56. Bb4+ Kd7 57. Rxd3+ 1-0

[Event "DEM U12 2016"]
[Site "Willingen GER"]
[Date "2016.05.19"]
[Round "8"]
[White "Wu, Luka"]
[Black "Kölle, Tobias"]
[Result "0-1"]
[Termination "normal"]
[Board "4"]
[WhiteElo "1777"]
[BlackElo "1714"]
[WhiteClock "00:19:35"]
[BlackClock "00:24:41"]
[PlyCount "132"]
[WhiteFideId "12977420"]
[BlackFideId "16207378"]
[EventCountry "GER"]
[EventRounds "11"]
[EventType "swiss"]
[EventDate "2016.05.14"]

1. e4 e5 2. Nf3 Nc6 3. Bb5 Nf6 4. O-O Be7 5. c3 d6 6. d3 a6 7. Ba4 b5 8. Bc2
O-O 9. Be3 Bb7 10. Nbd2 Re8 11. Re1 Bf8 12. Nf1 Ne7 13. Ng3 g6 14. Qd2 Ng4 15.
Rf1 Bg7 16. h3 Nxe3 17. fxe3 h6 18. Nh2 d5 19. Qf2 Rf8 20. exd5 Bxd5 21. e4 Be6
22. Ng4 Nc6 23. Qc5 Qd6 24. Qe3 Bxg4 25. hxg4 b4 26. g5 hxg5 27. Qxg5 bxc3 28.
bxc3 Qc5+ 29. Rf2 Qxc3 30. Raf1 Nd4 31. Nf5 gxf5 32. exf5 f6 33. Qg6 Nxc2 34.
Rc1 Qxd3 35. Rcxc2 Rf7 36. Rcd2 Qe3 37. Qh5 Qh6 38. Qd1 Bf8 39. Qc2 Rh7 40. Rf3
Bc5+ 41. Qxc5 Qxd2 42. Qc4+ Kh8 43. Qc6 Qe1+ 44. Rf1 Rh1+ 45. Kxh1 Qxf1+ 46.
Kh2 Qf4+ 47. Kg1 Rf8 48. Qxc7 Qxf5 49. Qc1 Rb8 50. Kh2 Qf4+ 51. Qxf4 exf4 52.
Kh3 Rb2 53. Kg4 Rxg2+ 54. Kxf4 Rxa2 55. Kf5 a5 56. Kxf6 a4 57. Ke5 Rd2 58. Ke4
a3 59. Ke3 Rd8 60. Ke4 a2 61. Ke3 a1=Q 62. Ke2 Qe5+ 63. Kf3 Rd3+ 64. Kf2 Qg3+
65. Ke2 Qf3+ 66. Ke1 Rd1# 0-1

[Event "DEM U12 2016"]
[Site "Willingen GER"]
[Date "2016.05.19"]
[Round "8"]
[White "Bethke, Richard"]
[Black "Englert, Jon"]
[Result "1-0"]
[Termination "normal"]
[Board "5"]
[WhiteElo "1844"]
[BlackElo "1663"]
[WhiteClock "01:06:16"]
[BlackClock "00:05:48"]
[PlyCount "115"]
[WhiteFideId "12959243"]
[BlackFideId "12992275"]
[EventCountry "GER"]
[EventRounds "11"]
[EventType "swiss"]
[EventDate "2016.05.14"]

1. e4 g6 2. d4 Bg7 3. Nc3 d6 4. f4 Nf6 5. Nf3 O-O 6. Bd3 Nc6 7. O-O Bg4 8. Be3
Bh6 9. h3 Bc8 10. g4 e5 11. g5 exf4 12. Bd2 Bxh3 13. Rf2 Ng4 14. gxh6 Qf6 15.
Nd5 Qd8 16. Re2 Nxh6 17. Bxf4 Bg4 18. Rg2 Nxd4 19. Rxg4 Nxf3+ 20. Qxf3 Nxg4 21.
Qxg4 c6 22. Bg5 f6 23. Qe6+ Kg7 24. Bxf6+ Rxf6 25. Qxf6+ Qxf6 26. Nxf6 Kxf6 27.
Rf1+ Kg7 28. Bc4 Rf8 29. Rd1 Rd8 30. Kf2 g5 31. Be2 Rf8+ 32. Ke3 Rf6 33. c4 Rh6
34. c5 Rh3+ 35. Kf2 dxc5 36. Rd7+ Kf6 37. Rxb7 Ke5 38. Rxa7 Rh2+ 39. Kf1 Kxe4
40. Re7+ Kd5 41. b3 h5 42. Rh7 g4 43. a4 Rh3 44. Bc4+ Ke4 45. a5 Kf3 46. Rf7+
Kg3 47. Kg1 Rh2 48. a6 h4 49. b4 Rg2+ 50. Kf1 Rd2 51. a7 Rd1+ 52. Ke2 Rd8 53.
b5 h3 54. b6 Rh8 55. b7 Re8+ 56. Kf1 h2 57. b8=Q+ Rxb8 58. axb8=Q+ 1-0

[Event "DEM U12 2016"]
[Site "Willingen GER"]
[Date "2016.05.19"]
[Round "8"]
[White "Kotyk, Michael"]
[Black "Evering, Sören"]
[Result "1-0"]
[Termination "normal"]
[Board "6"]
[WhiteElo "1818"]
[BlackElo "1844"]
[WhiteClock "00:04:41"]
[BlackClock "00:00:38"]
[PlyCount "89"]
[WhiteFideId "16214501"]
[BlackFideId "12974650"]
[EventCountry "GER"]
[EventRounds "11"]
[EventType "swiss"]
[EventDate "2016.05.14"]

1. e4 e5 2. Nc3 Nf6 3. f4 d5 4. fxe5 Nxe4 5. Nf3 Bc5 6. d4 Bb4 7. Bd3 O-O 8.
O-O Bxc3 9. bxc3 Bg4 10. Qe1 Bxf3 11. Rxf3 Ng5 12. Rg3 Ne6 13. Rh3 g6 14. Bh6
Re8 15. Qg3 Nd7 16. Rf1 Qe7 17. Qf3 c5 18. Qxd5 cxd4 19. cxd4 Nb6 20. Qe4 Red8
21. c3 Rac8 22. Be2 Na4 23. Bd2 Nb6 24. Rb1 Rc7 25. Rb4 Ng5 26. Bxg5 Qxg5 27.
Rb1 Nd5 28. c4 Nf4 29. Rg3 Nxe2+ 30. Qxe2 Qf4 31. Rg4 Qf5 32. Rf1 Qc8 33. d5
Re8 34. Re4 Rce7 35. Re1 Kg7 36. Qb2 Kg8 37. Qd4 b6 38. Kf1 Qf5+ 39. Rf4 Qc8
40. h4 h5 41. Rf6 Rc7 42. Re4 b5 43. e6 bxc4 44. d6 Rd8 45. d7 1-0

[Event "DEM U12 2016"]
[Site "Willingen GER"]
[Date "2016.05.19"]
[Round "8"]
[White "Hoffmann, Simon"]
[Black "Pauls, Fynn"]
[Result "1-0"]
[Termination "normal"]
[Board "7"]
[WhiteElo "1710"]
[BlackElo "1726"]
[WhiteClock "00:39:21"]
[BlackClock "00:16:01"]
[PlyCount "43"]
[WhiteFideId "12979686"]
[BlackFideId "16213149"]
[EventCountry "GER"]
[EventRounds "11"]
[EventType "swiss"]
[EventDate "2016.05.14"]

1. e4 e5 2. Nf3 Nc6 3. Bc4 Bc5 4. c3 Nf6 5. d4 exd4 6. e5 d5 7. Bb5 Ne4 8. cxd4
Bb4+ 9. Bd2 Bxd2+ 10. Nbxd2 Nxd2 11. Bxc6+ bxc6 12. Nxd2 O-O 13. O-O Qe7 14.
Rc1 Bd7 15. Nb3 Rab8 16. Qd2 Rb6 17. Nc5 Rfb8 18. b3 Be8 19. Rc3 f5 20. Qf4 Bd7
21. e6 g5 22. Qxc7 1-0

[Event "DEM U12 2016"]
[Site "Willingen GER"]
[Date "2016.05.19"]
[Round "8"]
[White "Yi, Danny"]
[Black "Astner, Sebastian"]
[Result "1/2-1/2"]
[Termination "normal"]
[Board "8"]
[WhiteElo "1863"]
[BlackElo "1712"]
[WhiteClock "00:04:32"]
[BlackClock "00:01:01"]
[PlyCount "86"]
[WhiteFideId "12988588"]
[BlackFideId "12979422"]
[EventCountry "GER"]
[EventRounds "11"]
[EventType "swiss"]
[EventDate "2016.05.14"]

1. e4 Nc6 2. Nf3 Nf6 3. e5 Nd5 4. d4 d6 5. c4 Nb6 6. exd6 exd6 7. Be2 Be7 8.
Nc3 Bg4 9. b3 O-O 10. d5 Bxf3 11. Bxf3 Bf6 12. Bb2 Re8+ 13. Kf1 Ne5 14. Ne4
Nbd7 15. g3 Nc5 16. Nxf6+ Qxf6 17. Be2 Qg6 18. h4 Ned3 19. Bxd3 Nxd3 20. Bc3
Re7 21. g4 Rae8 22. Rh3 Nf4 23. Rf3 Qxg4 24. Rg3 Qxh4 25. Rxg7+ Kf8 26. Qf3 Ng6
27. Bf6 Qh6 28. Bxe7+ Rxe7 29. Rxg6 Qxg6 30. Qh3 Kg7 31. Qc3+ Kf8 32. Qh3 Re5
33. Rd1 Qe4 34. Rd3 Qe1+ 35. Kg2 Rg5+ 36. Rg3 Qe4+ 37. Kh2 Rxg3 38. Kxg3 Qd3+
39. f3 Kg7 40. Qh4 Qg6+ 41. Kf2 Qc2+ 42. Kg3 f6 43. Qh3 Qg6+ 1/2-1/2

[Event "DEM U12 2016"]
[Site "Willingen GER"]
[Date "2016.05.19"]
[Round "8"]
[White "Pahl, Erik"]
[Black "Musiolik, David"]
[Result "1/2-1/2"]
[Termination "normal"]
[Board "9"]
[WhiteElo "1631"]
[BlackElo "1643"]
[WhiteClock "00:37:12"]
[BlackClock "00:38:08"]
[PlyCount "53"]
[WhiteFideId "16201272"]
[BlackFideId "12972355"]
[EventCountry "GER"]
[EventRounds "11"]
[EventType "swiss"]
[EventDate "2016.05.14"]

1. e4 e6 2. d4 d5 3. Nc3 Bb4 4. e5 c5 5. a3 Ba5 6. b4 cxd4 7. Nb5 Bc7 8. f4 Bd7
9. Nxd4 Nc6 10. Ngf3 a5 11. Bd2 Nge7 12. Nb5 axb4 13. axb4 Rxa1 14. Nxc7+ Qxc7
15. Qxa1 O-O 16. Bd3 Qb6 17. b5 Na7 18. Qd4 Qxd4 19. Nxd4 Nf5 20. Nxf5 exf5 21.
b6 Nc6 22. Kf2 Ra8 23. Bc3 Kf8 24. Ra1 Rxa1 25. Bxa1 Nb4 26. Bc3 Nxd3+ 27. cxd3
1/2-1/2

[Event "DEM U12 2016"]
[Site "Willingen GER"]
[Date "2016.05.19"]
[Round "8"]
[White "Pubantz, Jan"]
[Black "Sulayev, Daniel"]
[Result "0-1"]
[Termination "normal"]
[Board "10"]
[WhiteElo "1551"]
[BlackElo "1791"]
[PlyCount "134"]
[WhiteFideId "12996114"]
[BlackFideId "12977675"]
[EventCountry "GER"]
[EventRounds "11"]
[EventType "swiss"]
[EventDate "2016.05.14"]

1. d4 Nf6 2. Nf3 c5 3. d5 g6 4. Nc3 d6 5. e4 Bg7 6. Bb5+ Bd7 7. a4 O-O 8. h3
Bxb5 9. axb5 Nbd7 10. O-O Qb6 11. Qe2 a6 12. bxa6 Rxa6 13. Rxa6 bxa6 14. Nd2
Nh5 15. Nc4 Qc7 16. Bg5 Ne5 17. Nxe5 Bxe5 18. Qxa6 Rb8 19. Qc6 Qxc6 20. dxc6
Bxc3 21. bxc3 f6 22. Bh6 g5 23. h4 gxh4 24. Ra1 Rc8 25. Ra6 Kf7 26. Kh2 Kg6 27.
Bd2 Ng7 28. c4 Ne6 29. Ba5 Kf7 30. Kh3 Nd4 31. c7 Nxc2 32. Rb6 Ke6 33. Rb3 Nd4
34. Rd3 Nc6 35. Bb6 Ne5 36. Rc3 Kd7 37. Kxh4 Ra8 38. f4 Ng6+ 39. Kg4 Ra6 40.
Rb3 e5 41. Rb5 Nxf4 42. Ba5 Ne6 43. Rb8 Nxc7 44. Bxc7 Kxc7 45. Rh8 Ra2 46.
Rxh7+ Kb6 47. g3 Rf2 48. Rh5 Kc6 49. Rf5 Re2 50. Kf3 Re1 51. g4 Kd7 52. Rh5
Rf1+ 53. Ke3 Rg1 54. Rh4 Rg3+ 55. Kd2 Ke6 56. Ke2 Rc3 57. Rh6 Rxc4 58. Kd3 Rd4+
59. Ke3 Kf7 60. Rh2 Kg6 61. Rf2 c4 62. Rc2 Kg5 63. Rg2 Rd3+ 64. Ke2 Kf4 65. g5
fxg5 66. Rg1 g4 67. Ke1 Ra3 0-1

[Event "DEM U12 2016"]
[Site "Willingen GER"]
[Date "2016.05.19"]
[Round "8"]
[White "Lutz, Ruben"]
[Black "Hassemeier, Mika"]
[Result "1-0"]
[Termination "normal"]
[Board "11"]
[WhiteElo "1693"]
[BlackElo "1769"]
[PlyCount "89"]
[WhiteFideId "12975974"]
[BlackFideId "12994880"]
[EventCountry "GER"]
[EventRounds "11"]
[EventType "swiss"]
[EventDate "2016.05.14"]

1. d4 c5 2. c3 e6 3. Nf3 Nc6 4. e3 Nf6 5. Bd3 d5 6. Nbd2 Bd6 7. O-O O-O 8. Qe2
Qc7 9. dxc5 Bxc5 10. e4 a6 11. e5 Nd7 12. Nb3 Be7 13. Re1 h6 14. Bf4 Rd8 15.
Rad1 Nf8 16. Nbd4 Bd7 17. Bb1 Nxd4 18. Nxd4 Bc5 19. Qg4 Kh8 20. Re3 Bxd4 21.
cxd4 Nh7 22. Rh3 f5 23. exf6 Nxf6 24. Bxc7 Nxg4 25. Bxd8 Rxd8 26. Rc3 Bc6 27.
f3 Nf6 28. Re1 Rd6 29. Kf2 Kg8 30. b3 Kf7 31. Bd3 Ke7 32. g3 Kd7 33. Bf1 Ne8
34. a4 Nc7 35. Rec1 Ne8 36. Be2 Kc7 37. b4 Kb6 38. b5 Bd7 39. bxa6 bxa6 40. a5+
Ka7 41. Rb1 Ba4 42. Rc8 Bd7 43. Rcb8 Bc6 44. R1b6 Bb5 45. R6b7# 1-0

[Event "DEM U12 2016"]
[Site "Willingen GER"]
[Date "2016.05.19"]
[Round "8"]
[White "Grund, Sebastian"]
[Black "Haufe, Laurin"]
[Result "1-0"]
[Termination "time forfeit"]
[Board "12"]
[WhiteElo "1773"]
[BlackElo "1575"]
[PlyCount "77"]
[WhiteFideId "12988626"]
[BlackFideId "12976504"]
[EventCountry "GER"]
[EventRounds "11"]
[EventType "swiss"]
[EventDate "2016.05.14"]

1. d4 Nf6 2. Nf3 c5 3. g3 cxd4 4. Nxd4 e5 5. Nf3 Nc6 6. c4 d6 7. Bg2 Be6 8. b3
h6 9. Bb2 Be7 10. Nc3 O-O 11. O-O Qd7 12. e4 Rfd8 13. Qe2 Rac8 14. Rfd1 b6 15.
Rd2 Qb7 16. Rad1 Rd7 17. Ne1 Ne8 18. Nc2 Rcd8 19. Ne3 a6 20. Ncd5 Qb8 21. f4 f6
22. f5 Bf7 23. Bf3 Bf8 24. Bh5 Kh8 25. Bg6 Qb7 26. h4 Qa7 27. Kg2 Qb7 28. g4
Bxg6 29. fxg6 Ne7 30. h5 Nc7 31. Kf3 Ncxd5 32. Nxd5 Nxd5 33. cxd5 Rc8 34. Rc2
Rxc2 35. Qxc2 Rc7 36. Qd2 Qc8 37. Rc1 Be7 38. Ke3 Rxc1 39. Qxc1 1-0

[Event "DEM U12 2016"]
[Site "Willingen GER"]
[Date "2016.05.19"]
[Round "8"]
[White "Deutsch, Christoph"]
[Black "Krastev, Alexander"]
[Result "1/2-1/2"]
[Termination "normal"]
[Board "13"]
[WhiteElo "1663"]
[BlackElo "1931"]
[PlyCount "41"]
[WhiteFideId "16206878"]
[BlackFideId "12989983"]
[EventCountry "GER"]
[EventRounds "11"]
[EventType "swiss"]
[EventDate "2016.05.14"]

1. e4 e5 2. Nf3 Nc6 3. Bb5 f5 4. Nc3 fxe4 5. Nxe4 d5 6. Nxe5 dxe4 7. Nxc6 Qd5
8. c4 Qd6 9. Qh5+ g6 10. Qe5+ Kf7 11. c5 Qxe5 12. Nxe5+ Ke6 13. b4 Nf6 14. Bb2
Bg7 15. Ng4 Rd8 16. O-O-O Nxg4 17. Bxg7 Nxf2 18. Bc4+ Ke7 19. Rhf1 Nxd1 20.
Rf7+ Ke8 21. Rf8+ 1/2-1/2

[Event "DEM U12 2016"]
[Site "Willingen GER"]
[Date "2016.05.19"]
[Round "8"]
[White "Li, Simon"]
[Black "Tham, Minh"]
[Result "1/2-1/2"]
[Termination "normal"]
[Board "14"]
[WhiteElo "1960"]
[BlackElo "1737"]
[PlyCount "46"]
[WhiteFideId "12972134"]
[BlackFideId "12997323"]
[EventCountry "GER"]
[EventRounds "11"]
[EventType "swiss"]
[EventDate "2016.05.14"]

1. e4 e5 2. Nf3 Nc6 3. Bc4 Bc5 4. b4 Bxb4 5. c3 Be7 6. d4 Na5 7. Be2 d6 8. Qa4+
c6 9. dxe5 dxe5 10. Nxe5 Nf6 11. O-O O-O 12. Bf4 b5 13. Qc2 Qb6 14. Nd2 Be6 15.
a4 a6 16. Rfb1 Rfc8 17. Ndf3 Bc5 18. Bd3 h6 19. h3 Rd8 20. Qe2 Rdc8 21. Nh2 Nb3
22. Ra2 Na5 23. Raa1 Nb3 1/2-1/2

[Event "DEM U12 2016"]
[Site "Willingen GER"]
[Date "2016.05.19"]
[Round "8"]
[White "Kirchner, Markus"]
[Black "Weihrauch, Jakob"]
[Result "0-1"]
[Termination "normal"]
[Board "15"]
[WhiteElo "1642"]
[BlackElo "1856"]
[PlyCount "50"]
[WhiteFideId "12979163"]
[BlackFideId "16210115"]
[EventCountry "GER"]
[EventRounds "11"]
[EventType "swiss"]
[EventDate "2016.05.14"]

1. e4 c5 2. Nf3 d6 3. d4 cxd4 4. Nxd4 Nf6 5. f3 e5 6. Bb5+ Nbd7 7. Nf5 d5 8.
exd5 a6 9. Ba4 b5 10. Bb3 Nb6 11. Ne3 Bb7 12. Qd3 Nbxd5 13. Nxd5 Bxd5 14. Nc3
Bb7 15. Be3 Qc7 16. O-O Be7 17. Rfe1 e4 18. fxe4 Ng4 19. g3 Nxe3 20. Rxe3 Bc5
21. Kh1 Bxe3 22. Qxe3 O-O 23. Nd5 Qe5 24. Rf1 Rae8 25. Rf4 Bxd5 0-1

[Event "DEM U12 2016"]
[Site "Willingen GER"]
[Date "2016.05.19"]
[Round "8"]
[White "Hinrichs, Paul"]
[Black "Wensing, Jonathan"]
[Result "1-0"]
[Termination "normal"]
[Board "16"]
[WhiteElo "1795"]
[BlackElo "1578"]
[PlyCount "51"]
[WhiteFideId "12942545"]
[BlackFideId "16222482"]
[EventCountry "GER"]
[EventRounds "11"]
[EventType "swiss"]
[EventDate "2016.05.14"]

1. d4 Nf6 2. c4 g6 3. Nc3 d5 4. cxd5 Nxd5 5. Bd2 Nb6 6. e4 Bg7 7. Be3 O-O 8. h3
e5 9. d5 f5 10. Nf3 c6 11. dxc6 Nxc6 12. Qb3+ Kh8 13. Rd1 Nd4 14. Nxd4 exd4 15.
Nb5 Qh4 16. Rxd4 f4 17. Bd2 Bxd4 18. Nxd4 h6 19. Bd3 Kh7 20. Bb4 Rg8 21. Nf5
gxf5 22. exf5 Re8+ 23. Kf1 Qh5 24. f6+ Bf5 25. Bxf5+ Qxf5 26. Qf7+ 1-0

[Event "DEM U12 2016"]
[Site "Willingen GER"]
[Date "2016.05.19"]
[Round "8"]
[White "Kolb, Tobias"]
[Black "Colbow, Collin"]
[Result "1/2-1/2"]
[Termination "normal"]
[Board "17"]
[WhiteElo "1535"]
[BlackElo "1632"]
[PlyCount "115"]
[WhiteFideId "12992321"]
[BlackFideId "16201132"]
[EventCountry "GER"]
[EventRounds "11"]
[EventType "swiss"]
[EventDate "2016.05.14"]

1. e4 e5 2. d4 exd4 3. Qxd4 Nc6 4. Qe3 Nf6 5. Bd2 Bb4 6. Nc3 O-O 7. O-O-O Re8
8. Qg3 Rxe4 9. f3 Re8 10. h4 d5 11. h5 d4 12. Bh6 g6 13. hxg6 fxg6 14. Nh3 Bxh3
15. Rxh3 Bxc3 16. bxc3 Qe7 17. Bc4+ Kh8 18. cxd4 Qa3+ 19. Kb1 Na5 20. Bb3 Nxb3
21. axb3 Nd5 22. Bd2 Qa6 23. Rdh1 Re7 24. Qh2 h5 25. Rxh5+ gxh5 26. Qxh5+ Kg8
27. Qh8+ Kf7 28. Qxa8 Qg6 29. Qxb7 c6 30. Qc8 Re2 31. Qd7+ Re7 32. Qh3 Re2 33.
Qd7+ Re7 34. Qg4 Qxg4 35. fxg4 Re2 36. Bc1 Rxg2 37. Rh7+ Ke6 38. Rxa7 Rxg4 39.
Bb2 Rg1+ 40. Bc1 Rg4 41. Ra6 Kd7 42. c4 Nc3+ 43. Kc2 Ne2 44. d5 cxd5 45. cxd5
Rd4 46. d6 Rxd6 47. Rxd6+ Kxd6 48. Be3 Kd5 49. Kd3 Ng3 50. b4 Nf5 51. Bc5 Ng7
52. Kc3 Ne6 53. Be7 Nc7 54. Kb3 Na6 55. b5 Nc7 56. b6 Kc6 57. Bc5 Na8 58. b7
1/2-1/2

[Event "DEM U12 2016"]
[Site "Willingen GER"]
[Date "2016.05.19"]
[Round "8"]
[White "Schille, Hannes"]
[Black "Do, Nam"]
[Result "0-1"]
[Termination "normal"]
[Board "18"]
[WhiteElo "1629"]
[BlackElo "1890"]
[PlyCount "110"]
[WhiteFideId "16206053"]
[BlackFideId "12998885"]
[EventCountry "GER"]
[EventRounds "11"]
[EventType "swiss"]
[EventDate "2016.05.14"]

1. d4 Nf6 2. c4 c6 3. Nc3 d5 4. Qb3 e6 5. Bg5 Nbd7 6. Nf3 Qa5 7. c5 Qc7 8. e3
Be7 9. Bf4 Qd8 10. Bd3 b6 11. cxb6 axb6 12. O-O O-O 13. Rac1 Ba6 14. Bxa6 Rxa6
15. a3 Nh5 16. Bg3 Nxg3 17. hxg3 c5 18. Qc2 Qb8 19. Rfd1 Rc8 20. Nb5 Ra5 21. a4
Qa8 22. b3 Qb7 23. Rd2 Raa8 24. Qb2 Rc6 25. Rdc2 Rac8 26. Rc3 Bf6 27. g4 h6 28.
Qc2 e5 29. dxc5 bxc5 30. b4 c4 31. Qd2 Ra6 32. Ra3 Rca8 33. Rca1 Rd8 34. Qc2
Nf8 35. Rd1 Ne6 36. Qc1 Rc6 37. Rc3 Qa6 38. Qc2 Qb7 39. Qc1 Nc7 40. Nxc7 Qxc7
41. b5 Rc5 42. Nd2 Rc8 43. Qc2 d4 44. Ne4 dxc3 45. Nxc5 Qxc5 46. Qxc3 Ra8 47.
Qc2 Qb4 48. Ra1 Qc5 49. Rc1 Rc8 50. Rb1 c3 51. Rb3 e4 52. g3 Rd8 53. Kg2 Rd2
54. Qc1 Qxe3 55. Qf1 Bd4 0-1

[Event "DEM U12 2016"]
[Site "Willingen GER"]
[Date "2016.05.19"]
[Round "8"]
[White "Hundrieser, Malte"]
[Black "Hetzner, Hannes"]
[Result "1-0"]
[Termination "normal"]
[Board "19"]
[WhiteElo "1845"]
[BlackElo "1319"]
[PlyCount "45"]
[WhiteFideId "12997153"]
[BlackFideId "16211936"]
[EventCountry "GER"]
[EventRounds "11"]
[EventType "swiss"]
[EventDate "2016.05.14"]

1. e4 e6 2. d4 d5 3. Nd2 dxe4 4. Nxe4 Nd7 5. Nf3 Ngf6 6. Nxf6+ Nxf6 7. Bd3 c5
8. Be3 Ng4 9. O-O Nxe3 10. fxe3 Bd6 11. Ne5 Bxe5 12. dxe5 O-O 13. Qh5 h6 14. h4
Qd5 15. Rad1 Qc6 16. Rf4 Qc7 17. Rg4 f5 18. exf6 Rxf6 19. Qe8+ Rf8 20. Bh7+
Kxh7 21. Qxf8 e5 22. Rg3 e4 23. Qf4 1-0

[Event "DEM U12 2016"]
[Site "Willingen GER"]
[Date "2016.05.19"]
[Round "8"]
[White "Breß, Aaron"]
[Black "Breitzmann, Sander"]
[Result "1-0"]
[Termination "normal"]
[Board "20"]
[WhiteElo "1650"]
[BlackElo "1582"]
[PlyCount "61"]
[WhiteFideId "12996432"]
[BlackFideId "12987085"]
[EventCountry "GER"]
[EventRounds "11"]
[EventType "swiss"]
[EventDate "2016.05.14"]

1. e4 e5 2. Nf3 Nc6 3. Bb5 Nge7 4. O-O g6 5. c3 Bg7 6. d4 exd4 7. cxd4 d5 8.
exd5 Nxd5 9. Re1+ Be6 10. Bg5 Qd6 11. Nbd2 O-O 12. Ne4 Qb4 13. Bxc6 bxc6 14.
Qc1 Bg4 15. Bd2 Qb6 16. Ne5 Bf5 17. Nc5 Rad8 18. b3 Bxe5 19. Rxe5 Rfe8 20. Qe1
Rxe5 21. Qxe5 f6 22. Qe2 Kf7 23. Re1 Qb5 24. Qf3 Nb4 25. Qe3 Nd5 26. Qh6 Kg8
27. h3 Qb8 28. g4 Bd7 29. g5 f5 30. h4 Be8 31. Ne6 1-0

[Event "DEM U12 2016"]
[Site "Willingen GER"]
[Date "2016.05.19"]
[Round "8"]
[White "Gallasch, Jonas"]
[Black "Kosev, Momchil"]
[Result "0-1"]
[Termination "normal"]
[Board "21"]
[WhiteElo "1564"]
[BlackElo "1778"]
[PlyCount "100"]
[WhiteFideId "16222474"]
[BlackFideId "12975982"]
[EventCountry "GER"]
[EventRounds "11"]
[EventType "swiss"]
[EventDate "2016.05.14"]

1. Nf3 Nf6 2. c4 e6 3. d4 Bb4+ 4. Bd2 Qe7 5. a3 Bxd2+ 6. Nbxd2 d6 7. e4 e5 8.
d5 Nbd7 9. Qc2 a5 10. Be2 O-O 11. O-O a4 12. Nb1 Nc5 13. Nfd2 Bd7 14. Nc3 Rfe8
15. Rfb1 Rad8 16. f3 Nh5 17. g3 g6 18. b4 axb3 19. Nxb3 Nxb3 20. Rxb3 Bc8 21.
Na4 b6 22. Nc3 Ng7 23. a4 f5 24. a5 bxa5 25. Rxa5 Qg5 26. Nb5 h5 27. Qb1 h4 28.
Qe1 Nh5 29. Kg2 Rf8 30. Bd3 Nf4+ 31. Kh1 hxg3 32. Qxg3 Qf6 33. Ra1 Qf7 34. Na7
Bd7 35. Bc2 Rb8 36. Nb5 Kg7 37. Nxc7 Rxb3 38. Bxb3 fxe4 39. fxe4 Bh3 40. Ra7
Bg2+ 41. Qxg2 Nxg2 42. Nb5 Ne3 43. h3 Qxa7 44. Nxa7 Rf1+ 45. Kh2 Rb1 46. Nc8
Rxb3 47. Nxd6 Rc3 48. Nb5 Rxc4 49. d6 Kf7 50. Nc7 Rd4 0-1

[Event "DEM U12 2016"]
[Site "Willingen GER"]
[Date "2016.05.19"]
[Round "8"]
[White "Lommel, Hagen"]
[Black "Kostanyan, Hakob"]
[Result "1/2-1/2"]
[Termination "normal"]
[Board "23"]
[WhiteElo "1619"]
[BlackElo "1604"]
[PlyCount "53"]
[WhiteFideId "12972380"]
[BlackFideId "12977683"]
[EventCountry "GER"]
[EventRounds "11"]
[EventType "swiss"]
[EventDate "2016.05.14"]

1. e4 d6 2. d4 Nf6 3. Nc3 g6 4. f4 Bg7 5. Nf3 c5 6. Be3 cxd4 7. Nxd4 Nc6 8.
Nxc6 bxc6 9. Be2 e6 10. Bf3 d5 11. exd5 Nxd5 12. Nxd5 cxd5 13. Bd4 O-O 14. Bxg7
Kxg7 15. O-O Qb6+ 16. Rf2 Ba6 17. c3 Rab8 18. Be2 Bb7 19. Bd3 Rfd8 20. Qg4 f5
21. Qg5 Qd6 22. Re1 Re8 23. Rfe2 Ba6 24. Bxa6 Qb6+ 25. Kh1 Qxa6 26. g4 Qc6 27.
Kg1 1/2-1/2